000 00575nam a2200181 a 4500
001 8653
003 CO-ViMGA
008 141112s2004 ck r 000 u spa d
040 _aCO-ViMGA
_bspa
_cCO-ViMGA
082 0 4 _a323.4 C65n1
100 1 _aSamper Pizano, Ernesto
_98635
245 1 0 _aUna Nueva PolĂ­tica por la Vida :
_bDerechos Humanos /
_cSamper Pizano Ernesto
260 _aBogotá,
_cPresidencia de la Republica,
_c1994
300 _a35 p, 25 cm
650 1 4 _aDerechos Humanos - Colombia
_95717
650 1 4 _aMensajes presidenciales - Samper
_98636
942 _2ddc
_cBK
999 _c20292
_d20292